000 00944nam a2200301Ia 4500
001 35065
003 IT-RoPAU
008 130308s9999 xx 000 0 und d
040 _aIT-RoPAU
040 _cIT-RoPAU
041 _aFRANCESE
100 _aDanchin Pierre
100 _gCodice Aut. SPICS: 16643
245 _aLiens entre rhetorique et communication dans les prologues et epilogues de la restauration 1660-1670 (Les)
245 _bRhetorique et Communication (Actes Du congres de Rouen 1976)
250 _a1a ed.
260 _aPARIS
260 _bDidier
260 _c1979 [1° Ed.:1979 - Ed.Ling.Originale:1976]
300 _a"20 p. (prefazione: no ; testo: 20 [pagine: 81-100])"
500 _aRetorica e Comunicazione Nei Prologhi ed Epiloghi della restaurazione 1660 1670
650 _aSAGGI DI LINGUISTICA
650 _eCodice materia Spics: 3207
942 _cBK
957 _71
999 _c40045
_d40045
999 _bSI
999 _g1